| 000 | 00559nam a2200217 i 4500 | ||
|---|---|---|---|
| 001 | 2215608 | ||
| 005 | 20180116032404.0 | ||
| 008 | 751029r1975 nyu b 001 0 eng | ||
| 010 | _a 75010791 | ||
| 020 | _a0873320719 | ||
| 040 |
_aDLC _cDLC _dDLC |
||
| 041 | _aeng | ||
| 080 | _a330.09 ROU | ||
| 082 | 0 | 0 | _a330.09 ROU |
| 100 | 1 | _a52 | |
| 101 | _aEKO | ||
| 245 | 1 | 4 |
_aThe origin of economic ideas / _cGuy Routh. |
| 504 | _aIncludes bibliographical references and index. | ||
| 906 |
_a7 _bcbc _corignew _d2 _eocip _f19 _gy-gencatlg |
||
| 942 |
_2ddc _cBK |
||
| 999 |
_c40326 _d40326 |
||